[Event "Cerrado II Goi Maila"]
[Site "Donostia"]
[Date "2013.09.20"]
[Round "8.1"]
[White "Gonzalez, De La Torre Santiago"]
[Black "Etchegaray, Patrice"]
[Result "1/2-1/2"]
[WhiteElo "2447"]
[BlackElo "2396"]

1.e4 e5 2.f4 exf4 3.Bc4 Nf6 4.Nc3 Nc6 5.Nf3 Bb4 6.e5 Ng4 7.d4 d5 8.Bb5 Ne3
9.Bxe3 fxe3 10.O-O O-O 11.Qd3 Bg4 12.Qxe3 Bxf3 13.Rxf3 Bxc3 14.Qxc3 Ne7 
15.Raf1 c6 16.Bd3 Qb6 17.e6 f6 18.Rf4 Ng6 19.Rg4 Ne5 20.Rh4 Nxd3 21.Qxd3 
g6 22.Rhf4 Kg7 23.Qe3 Rae8 24.g4 c5 25.dxc5 Qxe6 26.Qxe6 Rxe6 27.Rd1 Re4 
28.Rxe4 dxe4 29.Kf2 f5 30.Ke3 fxg4 31.b4 h5 32.b5 Rc8 33.Rd5 h4 34.Kxe4 g3
35.hxg3 h3 36.Kf3 Rf8+ 37.Kg4 h2 38.Rd7+ Rf7 39.Rd1 Rc7 40.Kh3 Rxc5 41.c4 
Rxc4 42.Rd7+ 1/2-1/2

[Event "Cerrado II Goi Maila"]
[Site "Donostia"]
[Date "2013.09.20"]
[Round "8.2"]
[White "Argandona, Riveiro Inigo"]
[Black "Franco, Alonso Alejandro"]
[Result "1/2-1/2"]
[WhiteElo "2375"]
[BlackElo "2487"]

1.e4 c5 2.c3 Nf6 3.e5 Nd5 4.d4 cxd4 5.Nf3 e6 6.cxd4 d6 7.Nc3 Nxc3 8.bxc3 
Qc7 9.Bd2 Nd7 10.Bd3 dxe5 11.O-O g6 12.Qa4 Bg7 13.Qa3 Bf8 14.Qa4 Bg7 15.
Nxe5 O-O 16.f4 Rd8 17.Rae1 Nf8 18.Qb3 Qb6 19.Qc4 Qd6 20.f5 Bxe5 21.Rxe5 
exf5 22.Rfe1 Be6 23.Qa4 Nd7 24.Rxe6 fxe6 25.Rxe6 Nc5 26.Rxd6 Nxa4 27.Bc4+ 
Kg7 28.Re6 Nb6 29.Bb3 Re8 30.Rd6 Rad8 31.Rxd8 Rxd8 32.Bf4 Rc8 33.Be5+ Kh6 
34.d5 Nd7 35.Bd4 Nc5 36.h4 g5 37.Bc2 Ne4 38.g4 gxh4 39.gxf5 Nxc3 40.Be3+ 
Kg7 41.d6 Ne2+ 42.Kf1 Ng3+ 43.Ke1 Rd8 44.Bd4+ Kf8 45.Kf2 b6 46.Be5 Nh5 47.
f6 Nxf6 48.Bxf6 Rxd6 49.Bc3 Rc6 50.Bb4+ Kg7 51.Bb3 Rg6 52.Bc2 h3 53.Bxg6 
Kxg6 54.a4 a6 55.Bd6 Kf5 56.Bc7 b5 57.axb5 axb5 58.Ba5 Ke4 59.Kg3 Kd3 60.
Kxh3 Kc4 61.Kh4 Kb3 62.Kh5 Ka4 63.Be1 b4 64.Bxb4 Kxb4 65.Kh6 Kc5 66.Kxh7 
1/2-1/2

[Event "Cerrado II Goi Maila"]
[Site "Donostia"]
[Date "2013.09.20"]
[Round "8.3"]
[White "Ringoir, Tanguy"]
[Black "Hoffman, Alejandro"]
[Result "1/2-1/2"]
[WhiteElo "2490"]
[BlackElo "2452"]

1.d4 d6 2.e4 Nf6 3.f3 c5 4.c3 cxd4 5.cxd4 g6 6.Nc3 Bg7 7.Bb5+ Bd7 8.Bxd7+ 
Nbxd7 9.Nge2 O-O 10.O-O Qa5 11.Be3 Rfc8 12.Rc1 e6 13.Qb3 Nb6 14.Nb5 Ne8 
15.Nf4 Rxc1 16.Rxc1 Rc8 17.Kf1 Rxc1+ 18.Bxc1 Qa4 19.Qxa4 Nxa4 20.b3 Nb6 
21.Nxa7 Bxd4 22.Nb5 Be5 23.g3 Nc8 24.Ke2 h5 25.Nd3 Bf6 26.Nb2 Kf8 27.Nc4 
Ke7 28.a4 Kd7 29.Kd3 Bd8 30.Be3 Nc7 31.Nxc7 Bxc7 32.b4 d5 33.exd5 exd5 34.
Nd2 Ne7 35.b5 h4 36.Bf2 hxg3 37.hxg3 Nf5 38.g4 Ng7 39.Nb3 Ne6 40.Be3 b6 
41.Bf2 Bd8 42.Be3 Bc7 43.Bf2 1/2-1/2

[Event "Cerrado II Goi Maila"]
[Site "Donostia"]
[Date "2013.09.20"]
[Round "8.4"]
[White "Aabling-Thomsen, Jakob"]
[Black "Strikovic, Aleksa"]
[Result "1/2-1/2"]
[WhiteElo "2380"]
[BlackElo "2537"]

1.e4 c5 2.Nf3 e6 3.d3 Nc6 4.g3 d5 5.Qe2 Nf6 6.Bg2 Be7 7.O-O b6 8.e5 Nd7 9.
c4 d4 10.h4 Bb7 11.Re1 h6 12.h5 Qc7 13.Na3 O-O-O 14.Bd2 a6 15.Nc2 g5 16.g4
Bf8 17.Rab1 Bg7 18.b4 cxb4 19.Bxb4 Ndxe5 20.c5 Nxf3+ 21.Qxf3 Ne5 22.Qg3 
Bxg2 23.Qxg2 Qb7 24.Qxb7+ Kxb7 25.Ba5 Nf3+ 26.Kf1 Nxe1 27.Rxb6+ Ka7 28.Nb4
Rc8 29.Rxa6+ Kb8 30.Rb6+ Ka7 31.Ra6+ Kb8 32.Rb6+ Ka7 33.Ra6+ 1/2-1/2

[Event "Cerrado II Goi Maila"]
[Site "Donostia"]
[Date "2013.09.20"]
[Round "8.5"]
[White "Paunovic, Dragan"]
[Black "Andres, Gonzalez Alberto"]
[Result "0-1"]
[WhiteElo "2494"]
[BlackElo "2531"]

1.Nf3 d5 2.g3 Nc6 3.Bg2 e5 4.d3 f6 5.c3 Be6 6.O-O Qd7 7.b4 Bd6 8.Nbd2 Nge7
9.e4 O-O 10.Bb2 b5 11.a4 a6 12.exd5 Nxd5 13.Ne4 Nb6 14.axb5 axb5 15.Qc2 
Rxa1 16.Rxa1 h6 17.Bc1 Nd5 18.Bd2 Rd8 19.Qb2 f5 20.Nc5 Bxc5 21.bxc5 e4 22.
dxe4 fxe4 23.Nd4 Nxd4 24.cxd4 Nf6 25.Be3 c6 26.Ra6 Bc4 27.h3 Nd5 28.Qa1 
Qe6 29.Kh2 Rf8 30.Ra8 Rxa8 31.Qxa8+ Kh7 32.Qb8 Bd3 33.Qd6 Qf6 34.Kg1 b4 
35.Qb8 Qf7 36.Bd2 Nc3 37.Be3 b3 38.Bf1 Bxf1 39.Kxf1 Nb5 0-1

[Event "Cerrado II Goi Maila"]
[Site "Donostia"]
[Date "2013.09.20"]
[Round "9.1"]
[White "Andres, Gonzalez Alberto"]
[Black "Gonzalez, De La Torre Santiago"]
[Result "1/2-1/2"]
[WhiteElo "2531"]
[BlackElo "2447"]

1.d4 d5 2.Nf3 Nf6 3.c4 c6 4.Qc2 dxc4 5.Qxc4 Bg4 6.Nc3 Nbd7 7.e4 Bxf3 8.
gxf3 e5 9.Be3 exd4 10.Qxd4 Bc5 11.Qd2 Qe7 12.O-O-O 1/2-1/2

[Event "Cerrado II Goi Maila"]
[Site "Donostia"]
[Date "2013.09.20"]
[Round "9.2"]
[White "Strikovic, Aleksa"]
[Black "Paunovic, Dragan"]
[Result "1/2-1/2"]
[WhiteElo "2537"]
[BlackElo "2494"]

1.c4 c5 2.Nf3 Nc6 3.g3 g6 4.Bg2 Bg7 5.O-O e5 6.Nc3 Nge7 7.Ne1 d6 8.Nc2 Be6
9.Ne3 a6 10.Ned5 Rb8 11.a4 O-O 1/2-1/2

[Event "Cerrado II Goi Maila"]
[Site "Donostia"]
[Date "2013.09.20"]
[Round "9.4"]
[White "Franco, Alonso Alejandro"]
[Black "Ringoir, Tanguy"]
[Result "0-1"]
[WhiteElo "2487"]
[BlackElo "2490"]

1.d4 d5 2.c4 c6 3.e3 Nf6 4.Nc3 e6 5.Nf3 Nbd7 6.Qc2 Bd6 7.b3 O-O 8.Be2 b6 
9.O-O Bb7 10.Bb2 Qe7 11.Rad1 Rad8 12.Bd3 Rfe8 13.Rfe1 e5 14.e4 dxc4 15.
Bxc4 b5 16.Bf1 Bb8 17.g3 exd4 18.Nxd4 Ne5 19.Bg2 Qc5 20.Nce2 Qxc2 21.Nxc2 
Nd3 22.Bxf6 gxf6 23.Rf1 Nb2 24.Rxd8 Rxd8 25.Ned4 Be5 26.Nf3 Nd1 27.Re1 Bc3
28.Re2 b4 29.Ne3 Nxe3 30.fxe3 Rd1+ 31.Bf1 c5 0-1

[Event "Cerrado II Goi Maila"]
[Site "Donostia"]
[Date "2013.09.20"]
[Round "9.5"]
[White "Etchegaray, Patrice"]
[Black "Argandona, Riveiro Inigo"]
[Result "1/2-1/2"]
[WhiteElo "2396"]
[BlackElo "2375"]

1.e4 d6 2.d4 Nf6 3.Nc3 e5 4.Nf3 Nbd7 5.Bc4 Be7 6.O-O O-O 7.a4 c6 8.Re1 b6 
9.Bg5 a6 10.d5 c5 1/2-1/2